000 00707nam a22002177a 4500
999 _c8993
_d8993
001 8993
003 OSt
005 20180716175459.0
008 180306b1972 bg ||||| |||| 00| 0 ben d
035 _a(BD-JhCC)8993
040 _aBD-JhCC
_dBD-JhCC
041 _aben
082 _a330.95492
_bAZI 1972
100 _aআজিজ, মোহাম্মদ আবদুল
245 _aবাংলাদেশ : অর্থনীতির রূপরেখা /
_cমোহাম্মদ আবদুল আজিজ
260 _aঢাকাঃ
_bপুথিঘর লিমিটেড
_c1972.
300 _a115 p. :
_c22 cm.
650 _aEconomics
_zBangladesh
942 _2ddc
_cBK